000 00502nam a22001817a 4500
005 20260227091158.0
008 260227b |||||||| |||| 00| 0 eng d
020 _a9781032484082 (pbk)
040 _cPK-LaUMT
082 _a306
_bSTO-C
100 _aStorey, John
_99546
245 _aCultural theory and popular culture :
_ban introduction /
_cby John Storey
250 _a10th ed.
260 _aLondon :
_bRoutledge,
_c2024
300 _a309 p.
650 _aCulture-Philosophy
_99547
942 _cBK
999 _c139924
_d139924